| 000 | 00592cam a22002171 4500 | ||
|---|---|---|---|
| 001 | af 48004577 | ||
| 003 | DLC | ||
| 005 | 20260227110909.0 | ||
| 008 | 890306s1946 gw a 000 0 ger c | ||
| 010 | _aaf 48004577 | ||
| 035 | _a(OCoLC)19300591 | ||
| 040 |
_aYale Univ. Library _cCU _dDLC |
||
| 042 | _apremarc | ||
| 050 | 0 | 0 |
_aPT2438.M3 _bM3 |
| 100 | 1 |
_aHalm, Friedrich, _d1806-1871. |
|
| 245 | 1 | 4 |
_aDie Marzipan-Liese _c[von] Friedrich Halm [pseud. |
| 250 | _a1. Aufl.] | ||
| 260 |
_aStuttgart, _bRiederer _c[1946] |
||
| 300 |
_a73 p. _billus. _c19 cm. |
||
| 440 | 0 |
_aPerlenkette, _v15. Bd. |
|
| 999 |
_c6118 _d6118 |
||